Оптимизация процессов технологии металлов методами планирования экспериментов

Detalles Bibliográficos
Autor Principal: Новик Ф. С. Феликс Саадиевич
Outros autores: Арсов Я. Б. Янко Боянов
Summary:В книге, представляющей собой совместный труд советского автора и автора из Народной Республики Болгарии, освещены вопросы применения статистических методов планирования экспериментов для оптимизации процессов технологии металлов. В форме, доступной для читателя без специальной математической подготовки, последовательно рассмотрены этапы выбора зависимых и независимых переменных, факторные планы и планы второго порядка, способы решения экстремальных задач. На практических примерах показано, как описанные методы следует применять при оптимизации процессов металловедения и термической обработки, литейного производства, обработки металлов давлением, сварки, пайки. Эффективность методов иллюстрируется большим числом примеров решения реальных задач в СССР и НРБ из области технологии металлов. Книга предназначена для научных и инженерно-технических работников машиностроения.
Idioma:ruso
Publicado: Москва, Машиностроение, 1980
Subjects:
Formato: Libro
KOHA link:https://koha.lib.tpu.ru/cgi-bin/koha/opac-detail.pl?biblionumber=46381

MARC

LEADER 00000nam0a2200000 4500
001 46381
005 20231101211020.0
035 |a (RuTPU)RU\TPU\book\48378 
090 |a 46381 
100 |a 20030113d1980 k y0rusy50 ca 
101 0 |a rus 
102 |a RU 
105 |a a z 001zy 
200 1 |a Оптимизация процессов технологии металлов методами планирования экспериментов  |f Ф. С. Новик, Я. Б. Арсов 
210 |a Москва  |c Машиностроение  |a София  |c Техника  |d 1980 
215 |a 304 с.  |c ил. 
320 |a Библиогр.: с. 296-301. 
330 |a В книге, представляющей собой совместный труд советского автора и автора из Народной Республики Болгарии, освещены вопросы применения статистических методов планирования экспериментов для оптимизации процессов технологии металлов. В форме, доступной для читателя без специальной математической подготовки, последовательно рассмотрены этапы выбора зависимых и независимых переменных, факторные планы и планы второго порядка, способы решения экстремальных задач. На практических примерах показано, как описанные методы следует применять при оптимизации процессов металловедения и термической обработки, литейного производства, обработки металлов давлением, сварки, пайки. Эффективность методов иллюстрируется большим числом примеров решения реальных задач в СССР и НРБ из области технологии металлов. Книга предназначена для научных и инженерно-технических работников машиностроения. 
606 |a Металлы  |x Исследование  |x Математические методы  |2 stltpush  |3 (RuTPU)RU\TPU\subj\66538  |9 82624 
610 1 |a эксперименты 
610 1 |a машиностроение 
610 1 |a металловедение 
610 1 |a сварка 
610 1 |a пайка 
610 1 |a планирование 
675 |a 669  |v 3 
700 1 |a Новик  |b Ф. С.  |g Феликс Саадиевич 
701 1 |a Арсов  |b Я. Б.  |g Янко Боянов 
801 1 |a RU  |b 63413507  |c 20030113  |g PSBO 
801 2 |a RU  |b 63413507  |c 20180118  |g PSBO 
900 |a Моделирование и оптимизация свойств материалов и технологических процессов 
942 |c BK